00545cam a22002171 4500001001300000003000400013005001700017008004100034010001700075035002000092040001800112042001200130050001700142100003700159245003200196260001100228300003100239500001400270650002600284999001700310sa 63003968 DLC20260227111945.0890622s1962 ii 000 1 hino  asa 63003968  a(OCoLC)19914022 aDLCcWaUdDLC apremarc00aPK2077b.B471 aBhāradvāja, Śāntilāla.10aPratinidhi kahāniyām̐. c[1962] a14, 110, 29, 13 p.c19 cm. aIn Hindi. 0aShort stories, Hindi. c55398d55398